000 00782nmm a2200265 a 4500
003 AR-X00000XY
005 20251128211955.0
008 107020s2006 ||||||||||||||000 | spa||
020 _a0-13-11630-9
040 _cAR-X00000XY
100 1 _aSaslow, Joan
245 1 0 _aSummit
_bteacher' edition and lesson planner
_n1
260 _aWhite Plains, N.Y.
_bPearson Education
_c2006
300 0 _a200 p. en varias paginaciones
_bil.
_e1 cd-rom
500 0 _aSolicitar el cd-rom en Mediateca no. 751227
500 0 _aMaterial para el docente
650 4 _aENSENANZA DE IDIOMAS
650 4 _aINGLES
650 4 _aEJERCICIOS DE APRENDIZAJE
650 4 _aMATERIAL DIDACTICO
700 1 _aAscher, Allen
700 1 _aTiberio, Silvia Carolina
942 _cBK
998 _cNancy
999 _c21868
_d21868